Dusty Springfield Discography - Statistics

General Stats
  • This quiz has been taken 5 times
  • The average score is 17 of 61
Answer Stats
Type Year Name % Correct
Album 1964 Dusty
100%
EP 1964 Dusty
100%
Album 1969 Dusty in Memphis
100%
Compilation 1998 Dusty - The Very Best of Dusty Springfield
100%
Album 1970 A Brand New Me
75%
Album 1964 A Girl Called Dusty
75%
Album 1968 Dusty... Definitely
75%
Unreleased Album 1974 Longing
75%
Album 1967 Where Am I Going?
75%
Album 1995 A Very Fine Love
50%
Album 1973 Cameo
50%
Compilation 1988 Dusty - The Silver Collection
50%
Album 1965 Ev'rything's Coming Up Dusty
50%
Compilation 2008 Gold
50%
EP 1964 I Only Want To Be With You
50%
Album 1977 It Begins Again
50%
Album 1965 Ooooooweeee!!!
50%
Album 1990 Reputation
50%
Album 1972 See All Her Faces
50%
Album 1964 Stay Awhile/I Only Want to Be with You
50%
Album 1967 The Look of Love
50%
Compilation 2004 The Look of Love
50%
Album 1982 White Heat
50%
EP 1965 Dusty in New York
25%
Compilation 1966 Dusty Springfield's Golden Hits
25%
Posthumous Album 2015 Faithful
25%
Album 1970 From Dusty with Love
25%
Album 1979 Living Without Your Love
25%
Compilation 2001 Love Songs
25%
Album 1966 You Don't Have to Say You Love Me
25%
Compilation 2006 At Her Very Best
0%
Compilation 1966 Attention! Dusty Springfield!
0%
Compilation 2001 Beautiful Soul: The ABC/Dunhill Collection
0%
Compilation 1993 Blue For You
0%
Compilation 2000 Classic Dusty Springfield
0%
Compilation 2006 Complete A and B Sides 1963-1970
0%
Compilation 1999 Dusty In London - Lost British Recordings
0%
Compilation 1984 Dusty Sprinfield
0%
Compilation 1975 Dusty Springfield Sings Burt Bacharach and Carole King
0%
Compilation 1978 Dusty Springfield Sings Love
0%
Compilation 2011 Goin' Back: The Definitive Dusty Springfield
0%
Compilation 1994 Goin' Back - The Very Best of Dusty Springfield
0%
Compilation 1974 Greatest Hits
0%
Compilation 1979 Greatest Hits
0%
Compilation 1997 Hits Collection
0%
Compilation 1966 I Close My Eyes and Count to Ten
0%
EP 1968 If You Go Away
0%
Compilation 2009 Just Dusty
0%
Live Album 2005 Live at the Royal Albert Hall
0%
EP 1965 Mademoiselle Dusty
0%
Compilation 2000 Simply Dusty...
0%
Compilation 1996 Something Special
0%
Compilation 1997 Songbooks
0%
Compilation 1966 Star Dusty
0%
Compilation 1990 The Collection
0%
Compilation 2007 The Complete BBC Session
0%
Compilation 1997 The Dusty Springfield Anthology
0%
Compilation 2011 The Magic of Dusty Springfield
0%
Compilation 2014 The Opus Collection
0%
Compilation 1981 The Very Best of Dusty Springfield
0%
Compilation 2001 Ultimate Collection
0%
No matching quizzes found
Score Distribution
Percent of People with Each Score
Percentile by Number Answered
Your Score History
You have not taken this quiz